How to compute your salary income: assessment year 2001-2002 (Record no. 492179)

000 -LEADER
fixed length control field 00422cam a22001337a 4500
008 - FIXED-LENGTH DATA ELEMENTS--GENERAL INFORMATION
fixed length control field 180718b2001 xxu||||| |||| 00| 0 eng d
082 ## - DEWEY DECIMAL CLASSIFICATION NUMBER
Classification number L2x54 J78 C.2
100 ## - MAIN ENTRY--PERSONAL NAME
Personal name Joshi, S.K.
245 ## - TITLE STATEMENT
Title How to compute your salary income: assessment year 2001-2002
Statement of responsibility, etc. by S.K. Joshi
260 ## - PUBLICATION, DISTRIBUTION, ETC.
Place of publication, distribution, etc. Delhi
Name of publisher, distributor, etc. Directorate of Income Tax
Date of publication, distribution, etc. 2001
300 ## - PHYSICAL DESCRIPTION
Extent 178p.
440 ## - SERIES STATEMENT/ADDED ENTRY--TITLE
Title Tax Payers Information Series - 18
650 ## - SUBJECT ADDED ENTRY--TOPICAL TERM
Topical term or geographic name entry element Income tax - India
Holdings
Withdrawn status Lost status Damaged status Not for loan Permanent Location Current Location Date acquired Full call number Barcode Date last seen Price effective from Koha item type
        Indian Institute of Public Administration Indian Institute of Public Administration 2018-08-04 L2x54 J78 C.2 GR16095 2018-08-04 2018-08-04 GR

Powered by Koha